000 00570nam a2200181Ia 4500
008 100921s9999 xx 000 0 und d
082 _b18585
_a891.463 थ 82
100 _aभावे पुरूषोत्तम भास्कर.
245 _aव्याध.
260 _bमेनका प्रकाशन,पुणे.
_c1982
300 _a120
_b---
365 _b16
520 _aललित-कादंबरी.
630 _aव्याध.
650 _aललित-कादंबरी.
730 _aव्याध.
942 _cBOOK
999 _c767698
_d767695